[Event "BL 1718 SK Norderstedt - SF Deizisau"]
[Site "?"]
[Date "2018.03.10"]
[Round "11.2"]
[White "Ostrovskiy, Andrey"]
[Black "Meier, Georg"]
[Result "1/2-1/2"]
[WhiteElo "2438"]
[BlackElo "2648"]
[PlyCount "40"]
[EventDate "2018.??.??"]
[EventType "team-tourn"]

1. e4 e6 2. d4 d5 3. Nc3 dxe4 4. Nxe4 Nd7 5. Nf3 Ngf6 6. Bd3 c5 7. O-O Nxe4 8.
Bxe4 Nf6 9. Bg5 cxd4 10. Nxd4 Be7 11. Bf3 O-O 12. Qd3 Bc5 13. Rad1 e5 14. Nb3
Qxd3 15. cxd3 Bb6 16. Rfe1 h6 17. Be3 Be6 18. Bxb7 Rab8 19. Bxb6 Rxb7 20. Ba5
Bxb3 1/2-1/2

[Event "BL 1718 SK Norderstedt - SF Deizisau"]
[Site "?"]
[Date "2018.03.10"]
[Round "11.3"]
[White "Krasenkow, Michal"]
[Black "Kopylov, Michael"]
[Result "1-0"]
[WhiteElo "2644"]
[BlackElo "2421"]
[PlyCount "105"]
[EventDate "2018.??.??"]
[EventType "team-tourn"]

1. d4 Nf6 2. Nf3 e6 3. g3 d5 4. Bg2 Be7 5. c4 O-O 6. Qc2 c5 7. dxc5 Qa5+ 8. Qc3
Qxc5 9. cxd5 Nxd5 10. Qxc5 Bxc5 11. a3 Nc6 12. b4 Be7 13. Bb2 Nb6 14. Ne5 Nxe5
15. Bxe5 Nc4 16. Bc3 a5 17. bxa5 Nxa5 18. Nd2 Nc6 19. a4 Rd8 20. Nc4 Nd4 21.
Bxd4 Rxd4 22. Nb6 Bb4+ 23. Kf1 Rb8 24. Nxc8 Rxc8 25. Bxb7 Rc7 26. Ba6 g5 27.
Kg2 Kg7 28. Rhd1 Rxd1 29. Rxd1 h6 30. Rb1 Bd2 31. Rb8 Be1 32. Bd3 Ra7 33. Bb5
Rc7 34. Be8 Kf8 35. Bc6+ Kg7 36. Bf3 f5 37. Rb6 Kf7 38. Bc6 Ba5 39. Ra6 Be1 40.
Bb5 Bb4 41. Bd3 Rc5 42. Ra7+ Kf6 43. Bb5 Rc2 44. Rh7 Kg6 45. Rb7 Kf6 46. Bd3
Rb2 47. a5 Bc3 48. Ra7 e5 49. a6 e4 50. Bc4 Rb4 51. Rf7+ Kg6 52. a7 Ra4 53. Rd7
1-0

[Event "BL 1718 SK Norderstedt - SF Deizisau"]
[Site "?"]
[Date "2018.03.10"]
[Round "11.4"]
[White "Krause, Benedict"]
[Black "Heimann, Andreas"]
[Result "0-1"]
[WhiteElo "2456"]
[BlackElo "2574"]
[PlyCount "100"]
[EventDate "2018.??.??"]
[EventType "team-tourn"]

1. e4 e5 2. Nf3 Nc6 3. Bc4 Bc5 4. O-O Nf6 5. d3 O-O 6. Nbd2 d6 7. c3 a6 8. Bb3
h6 9. h3 Re8 10. Re1 Be6 11. Bxe6 Rxe6 12. b4 Ba7 13. Qc2 d5 14. Nb3 d4 15. Nc5
Bxc5 16. bxc5 dxc3 17. Qxc3 b5 18. cxb6 cxb6 19. Be3 b5 20. Rac1 Qe7 21. Red1
Rd8 22. Qb3 Qb4 23. Bc5 Qxb3 24. axb3 Nd7 25. Be3 Rd6 26. Kf1 Na5 27. b4 Nc6
28. Rb1 Nf8 29. Ke2 Ne6 30. Rdc1 f6 31. Rb3 g5 32. g4 Ne7 33. Ne1 Ng6 34. Ng2
Ngf4+ 35. Nxf4 gxf4 36. Bc5 Rc6 37. Rbc3 Rdc8 38. Kd2 a5 39. Be7 Rxc3 40. Rxc3
Rxc3 41. Kxc3 Kf7 42. Bc5 a4 43. h4 Nxc5 44. bxc5 a3 45. Kb3 b4 46. c6 Ke7 47.
h5 Kd6 48. d4 exd4 49. e5+ fxe5 50. g5 d3 0-1

[Event "BL 1718 SK Norderstedt - SF Deizisau"]
[Site "?"]
[Date "2018.03.10"]
[Round "11.5"]
[White "Kozul, Zdenko"]
[Black "Parvanyan, Ashot"]
[Result "1/2-1/2"]
[WhiteElo "2617"]
[BlackElo "2379"]
[PlyCount "190"]
[EventDate "2018.??.??"]
[EventType "team-tourn"]

1. d4 Nf6 2. c4 e6 3. g3 c5 4. d5 exd5 5. cxd5 d6 6. Nc3 g6 7. Bg2 Bg7 8. Nf3
O-O 9. O-O Re8 10. Re1 a6 11. a4 Nbd7 12. Nd2 Qc7 13. Nc4 Ne5 14. Nxe5 Rxe5 15.
Bf4 Re8 16. Qd2 Rb8 17. Rac1 Qe7 18. b3 b5 19. axb5 axb5 20. b4 cxb4 21. Na2 b3
22. Nb4 Ne4 23. Bxe4 Qxe4 24. Nc6 b2 25. Rc2 Ra8 26. f3 Qf5 27. Rxb2 Bxb2 28.
Qxb2 g5 29. Bxd6 Qxd5 30. Ne7+ Rxe7 31. Bxe7 Be6 32. g4 Qb3 33. Qc1 h6 34. h4
Rc8 35. Qd2 Qc3 36. Qxc3 Rxc3 37. hxg5 hxg5 38. Bxg5 Kg7 39. Kf2 b4 40. Bd2 Rc4
41. Rb1 b3 42. Rxb3 Rxg4 43. Bc3+ Kh7 44. Ra3 Rc4 45. Kg3 Kg6 46. e3 Rc5 47.
Bd4 Rg5+ 48. Kf2 Rb5 49. Ra6 Rb8 50. Kg3 Rd8 51. Kf4 Rd5 52. Be5 Rb5 53. Rc6
Rb4+ 54. e4 Rc4 55. Rd6 Rc8 56. Bd4 Ra8 57. Rc6 Ra3 58. Bb2 Ra2 59. Rb6 Ra8 60.
Ke3 Re8 61. f4 f5 62. e5 Kf7 63. Ba3 Rc8 64. Rb7+ Kg6 65. Be7 Rc3+ 66. Kd2 Rc6
67. Bg5 Bf7 68. Bf6 Rc4 69. Bg5 Be6 70. Kd3 Rc6 71. Ra7 Bf7 72. Bf6 Rb6 73. Kc3
Rb3+ 74. Kc2 Rb6 75. Bg5 Be6 76. Kc3 Rc6+ 77. Kb4 Rc1 78. Kb5 Rc2 79. Re7 Bd5
80. Ra7 Be6 81. Kb6 Bd5 82. Ra3 Rc4 83. Rh3 Rc6+ 84. Kb5 Rc8 85. Rh6+ Kg7 86.
Rf6 Be4 87. Rd6 Re8 88. e6 Bb1 89. Kc6 Bc2 90. Kd5 Ra8 91. Rb6 Be4+ 92. Kd6 Bd3
93. Bh4 Ra6 94. Rxa6 Bxa6 95. Kd7 Bb5+ 1/2-1/2

[Event "BL 1718 SK Norderstedt - SF Deizisau"]
[Site "?"]
[Date "2018.03.10"]
[Round "11.6"]
[White "Powierski, Emil"]
[Black "Graf, Alexander"]
[Result "0-1"]
[WhiteElo "2329"]
[BlackElo "2566"]
[PlyCount "86"]
[EventDate "2018.??.??"]
[EventType "team-tourn"]

1. e4 g6 2. d4 Bg7 3. Nc3 d6 4. f4 a6 5. Nf3 Nd7 6. Be3 b5 7. Bd3 Bb7 8. a4 b4
9. Ne2 Ngf6 10. Ng3 c5 11. c3 O-O 12. O-O c4 13. Bb1 e5 14. Nd2 Rc8 15. a5 h5
16. h3 bxc3 17. bxc3 exd4 18. Bxd4 Re8 19. Qf3 Nc5 20. f5 Ncd7 21. fxg6 fxg6
22. Bc2 Ne5 23. Qf4 Nfd7 24. Ne2 Nc5 25. Qg3 h4 26. Qe3 Qe7 27. Nf4 Qg5 28.
Rae1 Bh6 29. Qe2 Qg3 30. Be3 Ned3 31. Bxd3 cxd3 32. Qd1 Bxe4 33. Bxc5 Bxf4 34.
Nxe4 Qh2+ 35. Kf2 Bg3+ 36. Nxg3 Qxg3+ 37. Kg1 Rxe1 38. Rxe1 dxc5 39. c4 Rb8 40.
Re4 d2 41. Re2 Rb2 42. Rf2 Qe3 43. Kf1 Qd3+ 0-1

[Event "BL 1718 SK Norderstedt - SF Deizisau"]
[Site "?"]
[Date "2018.03.10"]
[Round "11.7"]
[White "Keymer, Vincent"]
[Black "Polischuk, Viktor"]
[Result "1/2-1/2"]
[WhiteElo "2403"]
[BlackElo "2283"]
[PlyCount "110"]
[EventDate "2018.??.??"]
[EventType "team-tourn"]

1. d4 Nf6 2. c4 c5 3. d5 b5 4. cxb5 a6 5. bxa6 g6 6. Nc3 Bxa6 7. e4 Bxf1 8.
Kxf1 d6 9. g3 Bg7 10. Kg2 O-O 11. Nf3 Nbd7 12. a4 Ra6 13. Bg5 Qa8 14. Re1 Nb6
15. b3 h6 16. Bd2 Nfd7 17. Rc1 Rc8 18. Nb5 Qb7 19. Qe2 Na8 20. Bc3 Nc7 21. Nxc7
Rxc7 22. Nd2 Ra8 23. Qe3 Rb8 24. Rc2 Qa6 25. Bxg7 Kxg7 26. Nc4 f6 27. h4 h5 28.
f4 Nb6 29. Na3 c4 30. Rec1 Rcb7 31. Qe2 Qa5 32. Nxc4 Nxc4 33. bxc4 Qxa4 34. e5
Qa3 35. Kh2 fxe5 36. fxe5 Rf8 37. exd6 exd6 38. c5 Rbf7 39. Qe1 dxc5 40. Qe5+
Kg8 41. Re1 Qd3 42. Ree2 c4 43. Rcd2 Qb1 44. d6 Qf1 45. Qe6 Kg7 46. Qe3 Rf3 47.
Qc5 c3 48. Rc2 Qd1 49. Re7+ Kg8 50. Ra2 Qd3 51. Rg2 R3f7 52. Re3 Qd1 53. Re6
Qd3 54. Qg5 Kh7 55. Re3 Qxd6 1/2-1/2

[Event "BL 1718 SK Norderstedt - SF Deizisau"]
[Site "?"]
[Date "2018.03.10"]
[Round "11.8"]
[White "Kahlert, Thomas"]
[Black "Dautov, Rustem"]
[Result "0-1"]
[WhiteElo "2191"]
[BlackElo "2596"]
[PlyCount "80"]
[EventDate "2018.??.??"]
[EventType "team-tourn"]

1. c4 e6 2. Nc3 d5 3. d4 Nf6 4. Nf3 Be7 5. Bg5 O-O 6. e3 h6 7. Bxf6 Bxf6 8. Rc1
a6 9. a3 c6 10. Bd3 Nd7 11. O-O g6 12. e4 dxc4 13. Bxc4 Bg7 14. Qe2 b6 15. Rfd1
Bb7 16. e5 Qe7 17. Ne4 c5 18. dxc5 bxc5 19. Qe3 Rfd8 20. Be2 Nxe5 21. Nxe5 Bxe5
22. Nxc5 Bxb2 23. Rb1 Rxd1+ 24. Bxd1 Rd8 25. Nxb7 Qxb7 26. Bf3 Qd7 27. g3 Bg7
28. Qb6 Qd6 29. Qa5 Bd4 30. Kg2 Rc8 31. Qa4 e5 32. Rb7 Qf6 33. Qd7 Rc2 34. Rb8+
Kg7 35. Qe8 Rxf2+ 36. Kh3 Qf5+ 37. Bg4 Rxh2+ 38. Kxh2 Qf2+ 39. Kh3 Qf1+ 40. Kh4
g5+ 0-1

[Event "BL 1718 FC Bayern München - USV Dresde"]
[Site "?"]
[Date "2018.03.10"]
[Round "11.1"]
[White "Almasi, Zoltan"]
[Black "Dragnev, Valentin"]
[Result "1-0"]
[WhiteElo "2696"]
[BlackElo "2493"]
[PlyCount "87"]
[EventDate "2018.??.??"]
[EventType "team-tourn"]

1. e4 e5 2. Nf3 Nc6 3. Bb5 a6 4. Ba4 Nf6 5. O-O Be7 6. d3 b5 7. Bb3 d6 8. c3
Na5 9. Bc2 c5 10. Nbd2 O-O 11. Re1 Re8 12. Nf1 Nc6 13. Ne3 Bf8 14. h3 h6 15.
Nh2 d5 16. Qf3 Be6 17. Bb3 d4 18. Nd5 Nh7 19. Bd2 Qd6 20. Qg3 f5 21. Qg6 Red8
22. Ne7+ Bxe7 23. Qxe6+ Kh8 24. exf5 dxc3 25. Bxc3 Qxe6 26. fxe6 Rxd3 27. Nf3
Nf8 28. Nxe5 Nxe5 29. Rxe5 Re8 30. Rf5 c4 31. Bc2 Rd6 32. Rf7 Nxe6 33. Bb4 Nd4
34. Bxd6 Nxc2 35. Rd1 Bf6 36. Rd2 Ne1 37. Bb4 Kg8 38. Ra7 Nd3 39. Bc3 Bg5 40.
Rc2 b4 41. Bd4 b3 42. axb3 cxb3 43. Rxg7+ Kf8 44. Rc3 1-0

[Event "BL 1718 FC Bayern München - USV Dresde"]
[Site "?"]
[Date "2018.03.10"]
[Round "11.2"]
[White "Studer, Noel"]
[Black "Nisipeanu, Liviu-Dieter"]
[Result "1/2-1/2"]
[WhiteElo "2467"]
[BlackElo "2681"]
[PlyCount "137"]
[EventDate "2018.??.??"]
[EventType "team-tourn"]

1. d4 Nf6 2. c4 e6 3. Nf3 d5 4. g3 Bb4+ 5. Bd2 a5 6. Bg2 dxc4 7. O-O O-O 8. Qc2
Bxd2 9. Qxd2 b5 10. Ne5 Ra6 11. a4 c6 12. Nc3 b4 13. Nb1 c5 14. dxc5 Qc7 15.
Nxc4 Qxc5 16. Rc1 Nbd7 17. Qe1 Qe7 18. Nbd2 Nc5 19. Ne5 Nfd7 20. Nd3 Nxd3 21.
exd3 Qd6 22. Qe3 Qb8 23. Bc6 Nf6 24. Nb3 Bd7 25. Bf3 Nd5 26. Qd4 Nb6 27. Rc5
Qa7 28. Bc6 Bxc6 29. Rxc6 Nd5 30. Qxa7 Rxa7 31. Rac1 g6 32. R1c5 Rfa8 33. Rc8+
Rxc8 34. Rxc8+ Kg7 35. Rb8 Ne7 36. Rb5 Nc6 37. Rc5 Ra6 38. d4 Kf6 39. Kf1 Ke7
40. Ke2 Kd6 41. Kd3 e5 42. Kc4 Nxd4 43. Rd5+ Kc7 44. Nxa5 f6 45. Nb3 Rxa4 46.
Nxd4 exd4 47. Rxd4 b3+ 48. Kc3 Ra1 49. Rh4 h5 50. Rf4 Rh1 51. Rxf6 Rxh2 52.
Kxb3 g5 53. Rf5 Rg2 54. Ka2 h4 55. Rxg5 h3 56. Rh5 h2 57. f4 Kd6 58. Rh6+ Kc5
59. f5 Rxg3 60. Rxh2 Rf3 61. Rh5 Kc4 62. Rg5 Rf1 63. Rg4+ Kb5 64. Rg5 Kc4 65.
Rh5 Kb4 66. Rg5 Kc4 67. b3+ Kb4 68. Rg4+ Kb5 69. Rh4 1/2-1/2

[Event "BL 1718 FC Bayern München - USV Dresde"]
[Site "?"]
[Date "2018.03.10"]
[Round "11.4"]
[White "Schneider, Stefan"]
[Black "Bartel, Mateusz"]
[Result "1/2-1/2"]
[WhiteElo "2402"]
[BlackElo "2609"]
[PlyCount "130"]
[EventDate "2018.??.??"]
[EventType "team-tourn"]

1. d4 Nf6 2. Nf3 e6 3. c4 b6 4. Bf4 Bb4+ 5. Nbd2 Bb7 6. e3 c5 7. Be2 cxd4 8.
exd4 O-O 9. a3 Be7 10. O-O d5 11. Rc1 dxc4 12. Nxc4 Nc6 13. h3 Rc8 14. Bh2 b5
15. Ne3 a6 16. a4 bxa4 17. Qxa4 Nb4 18. Rxc8 Qxc8 19. Be5 Rd8 20. Rd1 Nd7 21.
Bg3 Nf6 22. Be5 Nfd5 23. Nc4 Bc6 24. Qb3 Bb5 25. Bg3 Qd7 26. Ra1 Qe8 27. Bf1 h6
28. Nfe5 Bf8 29. Be2 Nf6 30. Nf3 Nc6 31. Qe3 Nd5 32. Qe4 Nf6 33. Qe3 Nb4 34.
Rc1 Nbd5 35. Qb3 Rc8 36. Ra1 Qd8 37. Bf1 Ne4 38. Be5 Ng5 39. Ncd2 Bxf1 40. Kxf1
Nxf3 41. Nxf3 Nb4 42. Kg1 Rc6 43. Bf4 Qd5 44. Qxd5 Nxd5 45. Bd2 Bd6 46. Kf1 f6
47. Ke2 Kf7 48. Kd3 g5 49. g3 h5 50. Ne1 Rb6 51. Bc3 f5 52. Ng2 Nf6 53. Ne3 Ne4
54. Nc4 Rc6 55. Be1 Bc7 56. g4 Nf6 57. gxf5 exf5 58. f3 Nd5 59. Bd2 Bf4 60. Ra5
Ke6 61. b3 h4 62. Ra1 Kf6 63. Ra5 Ke6 64. Ra1 Kf6 65. Ra5 Ke6 1/2-1/2

[Event "BL 1718 FC Bayern München - USV Dresde"]
[Site "?"]
[Date "2018.03.10"]
[Round "11.5"]
[White "Vogel, Roven"]
[Black "Ribli, Zoltan"]
[Result "1/2-1/2"]
[WhiteElo "2438"]
[BlackElo "2532"]
[PlyCount "84"]
[EventDate "2018.??.??"]
[EventType "team-tourn"]

1. c4 e6 2. Nf3 d5 3. e3 Nf6 4. b3 a6 5. Bb2 c5 6. cxd5 exd5 7. Be2 Nc6 8. d4
cxd4 9. Nxd4 Bb4+ 10. Bc3 Bd6 11. Nd2 O-O 12. O-O Bd7 13. Qc2 Re8 14. Nxc6 bxc6
15. Rac1 Qe7 16. Rfe1 a5 17. Bf3 Ng4 18. g3 f5 19. Bg2 Nf6 20. Bxf6 Qxf6 21.
Nb1 a4 22. Red1 axb3 23. axb3 Be5 24. Nd2 Reb8 25. Qd3 Be8 26. f4 Bd6 27. Nf3
Kh8 28. Nd4 Ba3 29. Rc2 g6 30. Ra1 Bf8 31. Rca2 Rxa2 32. Rxa2 c5 33. Nf3 c4 34.
bxc4 dxc4 35. Qd4 Qxd4 36. Nxd4 Bf7 37. Bf1 Bc5 38. Rc2 Rb4 39. Kf2 Kg7 40. Nc6
Rb3 41. Bxc4 Bxe3+ 42. Kg2 Bxc4 1/2-1/2

[Event "BL 1718 FC Bayern München - USV Dresde"]
[Site "?"]
[Date "2018.03.10"]
[Round "11.6"]
[White "Meister, Peter"]
[Black "Moehn, Hans"]
[Result "1/2-1/2"]
[WhiteElo "2359"]
[BlackElo "2355"]
[PlyCount "56"]
[EventDate "2018.??.??"]
[EventType "team-tourn"]

1. d4 Nf6 2. c4 g6 3. Nc3 Bg7 4. e4 d6 5. f3 O-O 6. Be3 a6 7. Nge2 Nbd7 8. Qd2
c5 9. Rd1 b6 10. Nc1 cxd4 11. Bxd4 Bb7 12. Be2 Rc8 13. O-O Re8 14. b4 e6 15.
Nb3 Qc7 16. Rc1 Qb8 17. Rfd1 Bf8 18. Na4 Be7 19. Qe3 d5 20. e5 Nh5 21. Nxb6
Nxb6 22. Bxb6 dxc4 23. Rxc4 Rxc4 24. Bxc4 Bxb4 25. Bc5 Bd5 26. Bxd5 exd5 27.
Bxb4 Qxb4 28. Rxd5 Ng7 1/2-1/2

[Event "BL 1718 FC Bayern München - USV Dresde"]
[Site "?"]
[Date "2018.03.10"]
[Round "11.7"]
[White "Loxine, Jakov"]
[Black "Rafiee, Makan"]
[Result "1-0"]
[WhiteElo "2397"]
[BlackElo "2339"]
[PlyCount "65"]
[EventDate "2018.??.??"]
[EventType "team-tourn"]

1. Nf3 d5 2. g3 Nf6 3. Bg2 e6 4. c4 Be7 5. O-O O-O 6. d4 dxc4 7. Qc2 a6 8. Qxc4
b5 9. Qc2 Bb7 10. Bd2 Be4 11. Qc1 c6 12. Rd1 Qb6 13. Bg5 Rd8 14. Nbd2 Bg6 15.
Nb3 Nbd7 16. Nh4 Rac8 17. Nxg6 hxg6 18. Bd2 b4 19. Qc4 c5 20. Rac1 cxd4 21.
Qxc8 Rxc8 22. Rxc8+ Kh7 23. Rc6 Qa7 24. Rdc1 e5 25. e3 d3 26. Rc7 Qb6 27. Rb7
Qe6 28. Rc6 Qf5 29. e4 Nxe4 30. Bxe4 Qxe4 31. Rcc7 Bc5 32. Nxc5 Nxc5 33. Rxb4
1-0

[Event "BL 1718 FC Bayern München - USV Dresde"]
[Site "?"]
[Date "2018.03.10"]
[Round "11.8"]
[White "Unzicker, Ferdinand"]
[Black "Hoffmann, Paul"]
[Result "1/2-1/2"]
[WhiteElo "2321"]
[BlackElo "2371"]
[PlyCount "120"]
[EventDate "2018.??.??"]
[EventType "team-tourn"]

1. d4 Nf6 2. c4 e6 3. Nc3 Bb4 4. e3 b6 5. Nge2 Ne4 6. Bd2 Nxd2 7. Qxd2 Bb7 8.
a3 Be7 9. d5 e5 10. Ng3 g6 11. f4 exf4 12. exf4 O-O 13. Bd3 f5 14. O-O a5 15.
h3 Na6 16. Bc2 Bc5+ 17. Kh2 Qh4 18. Rae1 Rae8 19. Re5 Bd6 20. Re2 Rxe2 21.
Ngxe2 Re8 22. Nd4 Qe7 23. Rf2 Qe1 24. Qxe1 Rxe1 25. Ncb5 Bc5 26. Rd2 Rf1 27.
Kg3 h5 28. Nf3 h4+ 29. Kxh4 Be3 30. Re2 Bxf4 31. Nbd4 Kf8 32. g4 c5 33. dxc6
Bxc6 34. Nxc6 Rxf3 35. Ne5 g5+ 36. Kh5 Rxh3+ 37. Kg6 Bxe5 38. Rxe5 fxg4 39. Bf5
Nc5 40. Bxg4 Rb3 41. Re2 Ne6 42. Kf6 Ke8 43. Bxe6 dxe6 44. Kxe6 g4 45. Rh2 Rh3
46. Rg2 Re3+ 47. Kd6 g3 48. b4 Rxa3 49. b5 Rc3 50. Kc7 Rxc4+ 51. Kxb6 Rg4 52.
Ka7 Rg7+ 53. Ka8 Kd7 54. b6 Kc6 55. b7 Rxb7 56. Rc2+ Kd5 57. Kxb7 Ke4 58. Ka6
Kf3 59. Kxa5 g2 60. Rxg2 Kxg2 1/2-1/2

[Event "BL 1718 MSA Zugzwang - Schachfreunde Be"]
[Site "?"]
[Date "2018.03.10"]
[Round "11.1"]
[White "Piorun, Kacper"]
[Black "Mons, Leon"]
[Result "0-1"]
[WhiteElo "2653"]
[BlackElo "2542"]
[PlyCount "88"]
[EventDate "2018.??.??"]
[EventType "team-tourn"]

1. Nf3 d5 2. g3 Nf6 3. Bg2 Nbd7 4. O-O e5 5. d3 c6 6. Nc3 Bb4 7. Bd2 O-O 8. Qe1
e4 9. dxe4 Bxc3 10. Bxc3 Nxe4 11. Bb4 Re8 12. Qc1 a5 13. Be1 b6 14. c4 Ba6 15.
b3 Qf6 16. Rb1 a4 17. Qd1 Rad8 18. Qc2 axb3 19. axb3 Nf8 20. Rd1 dxc4 21. Rxd8
cxb3 22. Qxb3 Qxd8 23. Qb2 Qf6 24. Qc2 c5 25. Nh4 Qe6 26. Qb2 b5 27. Ba5 b4 28.
Ra1 Nc3 29. e3 Bd3 30. Kh1 Qf6 31. Rc1 Be4 32. f3 Ba8 33. e4 Nxe4 34. Qxf6 Nxf6
35. Bf1 Ne6 36. Kg1 Bd5 37. f4 Ra8 38. Bb6 Nd7 39. f5 Nxb6 40. fxe6 c4 41. e7
Re8 42. Re1 g6 43. Ng2 Be6 44. Re5 c3 0-1

[Event "BL 1718 MSA Zugzwang - Schachfreunde Be"]
[Site "?"]
[Date "2018.03.10"]
[Round "11.2"]
[White "Kindermann, Stefan"]
[Black "Mista, Aleksander"]
[Result "1-0"]
[WhiteElo "2502"]
[BlackElo "2589"]
[PlyCount "131"]
[EventDate "2018.??.??"]
[EventType "team-tourn"]

1. e4 c5 2. d3 Nc6 3. f4 g6 4. Nf3 Bg7 5. Be2 d6 6. O-O e5 7. c3 Nge7 8. Na3 h6
9. Qe1 exf4 10. Bxf4 g5 11. Bg3 Be6 12. Nb5 Nc8 13. d4 a6 14. d5 axb5 15. dxe6
fxe6 16. Nd2 Ne5 17. Bxb5+ Ke7 18. Bxe5 Bxe5 19. Nc4 Rf8 20. Qe2 Bg7 21. Rfd1
Qc7 22. a4 Na7 23. Rac1 Rad8 24. Rc2 Nc8 25. Rcd2 Nb6 26. Rxd6 Rxd6 27. Rxd6
Nxc4 28. Rd7+ Qxd7 29. Bxd7 Nd6 30. Bb5 Be5 31. Bd3 Ra8 32. Bc2 c4 33. g3 Rc8
34. Qe3 Nf7 35. Kg2 Rc7 36. Bd1 Bd6 37. e5 Nxe5 38. Qe4 Kf6 39. a5 Bc5 40. Be2
Rd7 41. Kf1 b5 42. axb6 Bxb6 43. Bxc4 Rd2 44. Be2 Rxb2 45. Qh7 Be3 46. Qxh6+
Ke7 47. Qh7+ Kd6 48. Qe4 Bc5 49. h4 gxh4 50. gxh4 Rb3 51. Qc2 Rb8 52. h5 Rg8
53. Ke1 Rg1+ 54. Kd2 Nf7 55. Qe4 Rg5 56. Kc2 Re5 57. Qf4 Ke7 58. Qh4+ Kf8 59.
Bd3 Be7 60. Qh2 Bd6 61. Bg6 Ra5 62. Qh4 Kg7 63. Qd4+ e5 64. Qg4 Ra7 65. Bxf7+
Kxf7 66. Qg6+ 1-0

[Event "BL 1718 MSA Zugzwang - Schachfreunde Be"]
[Site "?"]
[Date "2018.03.10"]
[Round "11.3"]
[White "Tomczak, Jacek"]
[Black "Hertneck, Gerald"]
[Result "1-0"]
[WhiteElo "2583"]
[BlackElo "2488"]
[PlyCount "95"]
[EventDate "2018.??.??"]
[EventType "team-tourn"]

1. e4 e6 2. d4 d5 3. Nc3 Bb4 4. e5 Ne7 5. a3 Bxc3+ 6. bxc3 c5 7. Qg4 Qc7 8.
Qxg7 Rg8 9. Qxh7 cxd4 10. Kd1 Nbc6 11. Nf3 Nxe5 12. Bf4 Qxc3 13. Nxe5 Qxa1+ 14.
Bc1 d3 15. Qxf7+ Kd8 16. Qf6 dxc2+ 17. Kxc2 Qa2+ 18. Bb2 Bd7 19. Nf7+ Ke8 20.
Nd6+ Kd8 21. Nxb7+ Ke8 22. Be2 Ba4+ 23. Kd2 Rc8 24. Nd6+ Kd7 25. Nxc8 Rxc8 26.
Bd3 Rf8 27. Qd4 Nc6 28. Qg7+ Ne7 29. Qd4 Nc6 30. Qg7+ Ne7 31. Rb1 Rxf2+ 32. Ke3
Rxb2 33. Qxb2 Qxb2 34. Rxb2 e5 35. Rb7+ Kd6 36. Rxa7 Bc6 37. Ra6 Kc5 38. Ra7
Kd6 39. Ra6 Kc5 40. h4 e4 41. Rxc6+ Kxc6 42. Bxe4 dxe4 43. Kxe4 Kd6 44. a4 Nc6
45. h5 Ke6 46. g4 Na5 47. h6 Kf6 48. g5+ 1-0

[Event "BL 1718 MSA Zugzwang - Schachfreunde Be"]
[Site "?"]
[Date "2018.03.10"]
[Round "11.4"]
[White "Zysk, Robert"]
[Black "Schneider, Ilja"]
[Result "1/2-1/2"]
[WhiteElo "2428"]
[BlackElo "2513"]
[PlyCount "27"]
[EventDate "2018.??.??"]
[EventType "team-tourn"]

1. d4 d5 2. c4 c6 3. cxd5 cxd5 4. Bf4 Nc6 5. e3 Nf6 6. Nc3 Bg4 7. Qb3 Na5 8.
Qa4+ Bd7 9. Qd1 Rc8 10. Bd3 Bg4 11. Qa4+ Bd7 12. Qd1 Bg4 13. Qa4+ Bd7 14. Qd1
1/2-1/2

[Event "BL 1718 MSA Zugzwang - Schachfreunde Be"]
[Site "?"]
[Date "2018.03.10"]
[Round "11.5"]
[White "Jakubowski, Krzysztof"]
[Black "Hoffmeyer, Falk"]
[Result "1/2-1/2"]
[WhiteElo "2515"]
[BlackElo "2334"]
[PlyCount "113"]
[EventDate "2018.??.??"]
[EventType "team-tourn"]

1. c4 e6 2. Nf3 d5 3. e3 Nf6 4. b3 Be7 5. Bb2 O-O 6. g3 c5 7. Bg2 Nc6 8. O-O b6
9. Qe2 Bb7 10. d3 Qc7 11. Nbd2 Rfd8 12. a3 a5 13. cxd5 exd5 14. Nh4 Ne8 15. f4
Bf6 16. Bxf6 Nxf6 17. g4 a4 18. g5 Ne8 19. Rfb1 d4 20. Nf5 dxe3 21. Qxe3 Nd6
22. Nxd6 Rxd6 23. bxa4 Re6 24. Qf2 Nd4 25. Re1 Bxg2 26. Kxg2 Rae8 27. Rxe6 Nxe6
28. Rf1 Nd4 29. Re1 Qc6+ 30. Kh3 h6 31. Rxe8+ Qxe8 32. gxh6 Qe6+ 33. Kg2 Qxh6
34. Qe3 Qc6+ 35. Qe4 Qxa4 36. Nc4 Qd7 37. h3 b5 38. Ne3 Qc6 39. Nd5 Qg6+ 40.
Qxg6 fxg6 41. Nc3 b4 42. axb4 cxb4 43. Na4 Kf7 44. Kf2 Kf6 45. Ke3 Ne6 46. Ke4
g5 47. f5 Nf4 48. h4 Nxd3 49. hxg5+ Kxg5 50. Kxd3 Kxf5 51. Ke3 Kg4 52. Kf2 Kh3
53. Kg1 Kg3 54. Nc5 Kf3 55. Nb3 Ke3 56. Kg2 Kd3 57. Kg3 1/2-1/2

[Event "BL 1718 MSA Zugzwang - Schachfreunde Be"]
[Site "?"]
[Date "2018.03.10"]
[Round "11.6"]
[White "Schramm, Christian"]
[Black "Schreiner, Peter"]
[Result "1/2-1/2"]
[WhiteElo "2374"]
[BlackElo "2460"]
[PlyCount "41"]
[EventDate "2018.??.??"]
[EventType "team-tourn"]

1. e4 e5 2. Nf3 Nc6 3. Nc3 Nf6 4. d4 exd4 5. Nxd4 Bb4 6. Nxc6 bxc6 7. Bd3 O-O
8. O-O Re8 9. Re1 d5 10. Bg5 d4 11. a3 Bd6 12. Nb1 h6 13. Bh4 g5 14. Bg3 Bg4
15. Qc1 Nh5 16. Nd2 Bf4 17. Bxf4 Nxf4 18. g3 Ng6 19. f3 Be6 20. Qd1 Qd7 21. Qe2
1/2-1/2

[Event "BL 1718 MSA Zugzwang - Schachfreunde Be"]
[Site "?"]
[Date "2018.03.10"]
[Round "11.7"]
[White "Baldauf, Marco"]
[Black "Gerigk, Erasmus"]
[Result "1/2-1/2"]
[WhiteElo "2481"]
[BlackElo "2345"]
[PlyCount "46"]
[EventDate "2018.??.??"]
[EventType "team-tourn"]

1. Nf3 Nf6 2. c4 e6 3. g3 d5 4. Bg2 Be7 5. d4 O-O 6. Qc2 c5 7. O-O cxd4 8. Nxd4
Bd7 9. Rd1 Nc6 10. Nxc6 Bxc6 11. cxd5 Nxd5 12. Nc3 Nb4 13. Qb3 Qc7 14. e4 Rfd8
15. Bf4 Qa5 16. Be3 Nd3 17. Qc2 Nb4 18. Qb3 Nd3 19. Qc2 Nb4 20. Rxd8+ Rxd8 21.
Qb3 Bc5 22. Bxc5 Qxc5 23. Rd1 Rd4 1/2-1/2

[Event "BL 1718 MSA Zugzwang - Schachfreunde Be"]
[Site "?"]
[Date "2018.03.10"]
[Round "11.8"]
[White "Eichler, Christoph"]
[Black "Lauber, Arnd"]
[Result "1-0"]
[WhiteElo "2299"]
[BlackElo "2434"]
[PlyCount "49"]
[EventDate "2018.??.??"]
[EventType "team-tourn"]

1. c4 f5 2. Nf3 Nf6 3. e3 e6 4. b3 d6 5. d4 g6 6. Be2 Bg7 7. O-O O-O 8. Nc3 Qe7
9. Qc2 Nc6 10. Ba3 a5 11. Rac1 Nb4 12. Qb1 c6 13. Rfd1 e5 14. c5 dxc5 15. dxe5
Ng4 16. Na4 Nxe5 17. Nxe5 Bxe5 18. Nxc5 f4 19. Bc4+ Kg7 20. Nd3 Bf5 21. e4 Bxe4
22. Re1 Bxd3 23. Bxd3 Qd6 24. Rxe5 Qxd3 25. Bxb4 1-0

[Event "BL 1718 SV Werder Bremen - OSG Baden Ba"]
[Site "?"]
[Date "2018.03.11"]
[Round "12.2"]
[White "McShane, Luke J"]
[Black "Anand, Viswanathan"]
[Result "1/2-1/2"]
[WhiteElo "2647"]
[BlackElo "2776"]
[PlyCount "80"]
[EventDate "2018.??.??"]
[EventType "team-tourn"]

1. c4 e5 2. g3 Nf6 3. Bg2 c6 4. d4 e4 5. Nc3 d5 6. Bg5 Bb4 7. Qb3 Bxc3+ 8. Qxc3
O-O 9. f3 dxc4 10. Bxf6 Qxf6 11. fxe4 c5 12. e5 cxd4 13. exf6 dxc3 14. fxg7 Re8
15. bxc3 Nc6 16. Rb1 Re3 17. Kd2 Re7 18. Nf3 Bf5 19. Rb5 Rd8+ 20. Nd4 Nxd4 21.
cxd4 Be4 22. Bxe4 Rxd4+ 23. Bd3 Red7 24. Rhb1 cxd3 25. Rxb7 dxe2+ 26. Kxe2 Rd2+
27. Kf3 Rxb7 28. Rxb7 Rxa2 29. g4 Kxg7 30. Kg3 Ra3+ 31. Kh4 h6 32. Rc7 a5 33.
Ra7 a4 34. h3 Ra1 35. Ra6 a3 36. Kh5 a2 37. h4 Rb1 38. Rxa2 Rb5+ 39. g5 hxg5
40. hxg5 Rb1 1/2-1/2

[Event "BL 1718 SV Werder Bremen - OSG Baden Ba"]
[Site "?"]
[Date "2018.03.11"]
[Round "12.3"]
[White "Svidler, Peter"]
[Black "Efimenko, Zahar"]
[Result "1/2-1/2"]
[WhiteElo "2760"]
[BlackElo "2639"]
[PlyCount "58"]
[EventDate "2018.??.??"]
[EventType "team-tourn"]

1. e4 e5 2. Nf3 Nc6 3. Bb5 a6 4. Ba4 Nf6 5. O-O Be7 6. d3 b5 7. Bb3 O-O 8. a4
Bb7 9. Re1 d6 10. Nbd2 Qd7 11. Nf1 Nd8 12. Ng3 Ne6 13. Nf5 Bd8 14. Ng5 Nxg5 15.
Bxg5 g6 16. Ne3 Ng4 17. Bxd8 Nxe3 18. Rxe3 Raxd8 19. axb5 axb5 20. Ra7 Bc6 21.
h4 Ra8 22. Rxa8 Rxa8 23. Rf3 Rf8 24. Qd2 Kg7 25. h5 f6 26. hxg6 hxg6 27. Rh3 g5
28. d4 Rh8 29. Rxh8 Qh3 1/2-1/2